000
00328nam a22001457a 4500
003
OSt
005
20160727222357.0
008
160622b xxu||||| |||| 00| 0 eng d
040
_c
TEST
100
_9
573
_a
Henry, M
245
_a
King of the Wind
260
_a
N.Y
_b
Children's
_c
1948
300
_a
King of the Wind
942
_2
ddc
_c
BK
999
_c
477
_d
477